00384nam a2200121Ia 4500008004100000020001800041100001500059245008200074260003100156440001900187650001500206856004100221171212s9999 xx 000 0 und d a9781743324301 aTait, Peta cTait, PetaaFighting naturebTravelling menageries, animal acts and war shows bUniversity of Sydneyc2016 aAnimal Publics aPhilosophy uhttp://jstor.org/stable/j.ctt1dt00vp